Studio Ghibli Movies - Statistics

General Stats
  • This quiz has been taken 2,330 times
    800 since last reset
  • The average score is 14 of 24
Answer Stats
Year Movie % Correct
2001 Spirited Away
93%
1988 My Neighbor Totoro
89%
2004 Howl's Moving Castle
88%
2008 Ponyo
79%
1997 Princess Mononoke
79%
2023 The Boy and the Heron
78%
1989 Kiki's Delivery Service
72%
1992 Porco Rosso
69%
1986 Castle in the Sky
67%
1988 Grave of the Fireflies
66%
1984 Nausicaä of the Valley of the Wind
61%
2013 The Wind Rises
54%
2010 Arrietty
53%
2002 The Cat Returns
48%
2013 The Tale of the Princess Kaguya
44%
1994 Pom Poko
43%
1995 Whisper of the Heart
43%
2014 When Marnie Was There
41%
2011 From Up on Poppy Hill
40%
1991 Only Yesterday
33%
2006 Tales from Earthsea
33%
1999 My Neighbors the Yamadas
32%
2020 Earwig and the Witch
31%
1993 Ocean Waves
28%
No matching quizzes found
Score Distribution
Percent of People with Each Score
Percentile by Number Answered
Your Score History
You have not taken this quiz since the last reset